000 00252nam a2200097Ia 4500
001 1049254
005 20250826232309.0
008 250824s9999 xx 000 0 und d
245 0 _aAYNALAR KORİDORUNDA AŞK
_cMUSTAFA ULUSOY
260 _bKETEBE YAYINLARI
999 _c1049254
_d1049254